<?xml version="1.0" encoding="UTF-8"?>
<collection xmlns="http://www.loc.gov/MARC21/slim">
 <record>
  <leader>02872cam a2200577   4500</leader>
  <controlfield tag="001">1118649958</controlfield>
  <controlfield tag="003">DE-627</controlfield>
  <controlfield tag="005">20240817193426.0</controlfield>
  <controlfield tag="007">tu</controlfield>
  <controlfield tag="008">180814s1962    be |||||      00| ||ger c</controlfield>
  <datafield tag="016" ind1="7" ind2=" ">
   <subfield code="a">450148068</subfield>
   <subfield code="2">DE-101</subfield>
  </datafield>
  <datafield tag="035" ind1=" " ind2=" ">
   <subfield code="a">(DE-627)1118649958</subfield>
  </datafield>
  <datafield tag="035" ind1=" " ind2=" ">
   <subfield code="a">(DE-576)048649953</subfield>
  </datafield>
  <datafield tag="035" ind1=" " ind2=" ">
   <subfield code="a">(DE-599)BSZ048649953</subfield>
  </datafield>
  <datafield tag="035" ind1=" " ind2=" ">
   <subfield code="a">(OCoLC)264998640</subfield>
  </datafield>
  <datafield tag="035" ind1=" " ind2=" ">
   <subfield code="a">(OCoLC)16172331</subfield>
  </datafield>
  <datafield tag="035" ind1=" " ind2=" ">
   <subfield code="a">(OCoLC)264998640</subfield>
  </datafield>
  <datafield tag="040" ind1=" " ind2=" ">
   <subfield code="a">DE-627</subfield>
   <subfield code="b">ger</subfield>
   <subfield code="c">DE-627</subfield>
   <subfield code="e">rda</subfield>
  </datafield>
  <datafield tag="041" ind1=" " ind2=" ">
   <subfield code="a">ger</subfield>
   <subfield code="h">fre</subfield>
  </datafield>
  <datafield tag="044" ind1=" " ind2=" ">
   <subfield code="c">XA-BE</subfield>
  </datafield>
  <datafield tag="084" ind1=" " ind2=" ">
   <subfield code="a">12a</subfield>
   <subfield code="2">sdnb</subfield>
  </datafield>
  <datafield tag="084" ind1=" " ind2=" ">
   <subfield code="a">LM 10110</subfield>
   <subfield code="2">rvk</subfield>
   <subfield code="0">(DE-625)rvk/101001:</subfield>
  </datafield>
  <datafield tag="084" ind1=" " ind2=" ">
   <subfield code="a">20.70</subfield>
   <subfield code="2">bkl</subfield>
  </datafield>
  <datafield tag="100" ind1="1" ind2=" ">
   <subfield code="a">Collon-Gevaert, Suzanne</subfield>
   <subfield code="d">19XX-</subfield>
   <subfield code="e">VerfasserIn</subfield>
   <subfield code="0">(DE-588)119574143X</subfield>
   <subfield code="0">(DE-627)1677818670</subfield>
   <subfield code="4">aut</subfield>
  </datafield>
  <datafield tag="245" ind1="1" ind2="0">
   <subfield code="a">Romanische Kunst an der Maas im 11., 12. und 13. Jahrhundert</subfield>
   <subfield code="c">Text und Bildbeschreibung von Suzanne Collon-Gaevert, Jean Lejeune, Jacques Stiennon ; Vorwort und Einleitung von Germaine Faider-Feytmans ; Deutsche Übersetzung von Gisela und Peter Bloch</subfield>
  </datafield>
  <datafield tag="246" ind1="3" ind2="0">
   <subfield code="a">elften zwölften dreizehnten</subfield>
  </datafield>
  <datafield tag="264" ind1=" " ind2="1">
   <subfield code="a">Brüssel</subfield>
   <subfield code="b">Kunstverlag L'Arcade</subfield>
   <subfield code="c">1962</subfield>
  </datafield>
  <datafield tag="300" ind1=" " ind2=" ">
   <subfield code="a">331 Seiten</subfield>
  </datafield>
  <datafield tag="336" ind1=" " ind2=" ">
   <subfield code="a">Text</subfield>
   <subfield code="b">txt</subfield>
   <subfield code="2">rdacontent</subfield>
  </datafield>
  <datafield tag="337" ind1=" " ind2=" ">
   <subfield code="a">ohne Hilfsmittel zu benutzen</subfield>
   <subfield code="b">n</subfield>
   <subfield code="2">rdamedia</subfield>
  </datafield>
  <datafield tag="338" ind1=" " ind2=" ">
   <subfield code="a">Band</subfield>
   <subfield code="b">nc</subfield>
   <subfield code="2">rdacarrier</subfield>
  </datafield>
  <datafield tag="500" ind1=" " ind2=" ">
   <subfield code="a">Literaturverz. (S. 315 - 323)</subfield>
  </datafield>
  <datafield tag="500" ind1=" " ind2=" ">
   <subfield code="a">Die Vorlage enth. insgesamt 3 Werke</subfield>
  </datafield>
  <datafield tag="583" ind1="1" ind2=" ">
   <subfield code="a">Massenentsäuert</subfield>
   <subfield code="c">2019</subfield>
   <subfield code="k">DE-18</subfield>
   <subfield code="2">pdager</subfield>
   <subfield code="5">DE-18-308</subfield>
  </datafield>
  <datafield tag="700" ind1="1" ind2=" ">
   <subfield code="a">Lejeune, Jean</subfield>
   <subfield code="d">1914-1979</subfield>
   <subfield code="e">VerfasserIn</subfield>
   <subfield code="0">(DE-588)1057560243</subfield>
   <subfield code="0">(DE-627)796050414</subfield>
   <subfield code="0">(DE-576)413300625</subfield>
   <subfield code="4">aut</subfield>
  </datafield>
  <datafield tag="700" ind1="1" ind2=" ">
   <subfield code="a">Stiennon, Jacques</subfield>
   <subfield code="d">1920-2012</subfield>
   <subfield code="e">VerfasserIn</subfield>
   <subfield code="0">(DE-588)1057568600</subfield>
   <subfield code="0">(DE-627)796057575</subfield>
   <subfield code="0">(DE-576)413292266</subfield>
   <subfield code="4">aut</subfield>
  </datafield>
  <datafield tag="700" ind1="1" ind2=" ">
   <subfield code="a">Faider-Feytmans, Germaine</subfield>
   <subfield code="d">1903-1983</subfield>
   <subfield code="e">VerfasserIn einer Einleitung</subfield>
   <subfield code="0">(DE-588)1157389252</subfield>
   <subfield code="0">(DE-627)102122538X</subfield>
   <subfield code="0">(DE-576)502917849</subfield>
   <subfield code="4">win</subfield>
  </datafield>
  <datafield tag="700" ind1="1" ind2=" ">
   <subfield code="a">Bloch, Gisela</subfield>
   <subfield code="e">ÜbersetzerIn</subfield>
   <subfield code="4">trl</subfield>
  </datafield>
  <datafield tag="700" ind1="1" ind2=" ">
   <subfield code="a">Bloch, Peter</subfield>
   <subfield code="d">1925-1994</subfield>
   <subfield code="e">ÜbersetzerIn</subfield>
   <subfield code="0">(DE-588)118931180</subfield>
   <subfield code="0">(DE-627)079708846</subfield>
   <subfield code="0">(DE-576)210435356</subfield>
   <subfield code="4">trl</subfield>
  </datafield>
  <datafield tag="700" ind1="1" ind2="2">
   <subfield code="a">Collon-Gevaert, Suzanne</subfield>
   <subfield code="d">19XX-</subfield>
   <subfield code="t">Art roman dans la vallée de la Meuse aux 11e et 12e siècles &lt;dt.&gt;</subfield>
  </datafield>
  <datafield tag="787" ind1="0" ind2="8">
   <subfield code="i">Rezensiert in</subfield>
   <subfield code="a">Kötzsche, Dietrich, 1930 - 2008</subfield>
   <subfield code="t">[Rezension von: Romanische Kunst an der Maas im 11., 12. und 13. Jahrhundert]</subfield>
   <subfield code="d">1964</subfield>
   <subfield code="w">(DE-627)1551177145</subfield>
   <subfield code="w">(DE-576)481177140</subfield>
  </datafield>
  <datafield tag="856" ind1="4" ind2="2">
   <subfield code="u">http://d-nb.info/450148068/04</subfield>
   <subfield code="m">V:DE-605</subfield>
   <subfield code="q">application/pdf</subfield>
   <subfield code="3">Inhaltsverzeichnis</subfield>
  </datafield>
  <datafield tag="889" ind1=" " ind2=" ">
   <subfield code="w">(DE-627)1028904207</subfield>
  </datafield>
  <datafield tag="889" ind1=" " ind2=" ">
   <subfield code="w">(DE-627)17861811X</subfield>
  </datafield>
  <datafield tag="935" ind1=" " ind2=" ">
   <subfield code="i">mdedup</subfield>
  </datafield>
  <datafield tag="935" ind1=" " ind2=" ">
   <subfield code="h">GBV</subfield>
   <subfield code="i">Tpn3090pruef</subfield>
  </datafield>
  <datafield tag="936" ind1="r" ind2="v">
   <subfield code="a">LM 10110</subfield>
   <subfield code="b">romanisch</subfield>
   <subfield code="k">Kunstgeschichte</subfield>
   <subfield code="k">Kunst nach Ländern bzw. Kontinenten</subfield>
   <subfield code="k">Frankreich</subfield>
   <subfield code="k">Französische Kunstgeschichte einzelner Epochen</subfield>
   <subfield code="k">romanisch</subfield>
   <subfield code="0">(DE-627)1271113147</subfield>
   <subfield code="0">(DE-625)rvk/101001:</subfield>
   <subfield code="0">(DE-576)201113147</subfield>
  </datafield>
  <datafield tag="936" ind1="b" ind2="k">
   <subfield code="a">20.70</subfield>
   <subfield code="j">Europäische Kunst: Allgemeines</subfield>
   <subfield code="0">(DE-627)106406566</subfield>
  </datafield>
  <datafield tag="951" ind1=" " ind2=" ">
   <subfield code="a">BO</subfield>
  </datafield>
  <datafield tag="991" ind1=" " ind2=" ">
   <subfield code="a">Rezensiertes Werk</subfield>
  </datafield>
  <datafield tag="999" ind1=" " ind2=" ">
   <subfield code="a">KXP-PPN1118649958</subfield>
   <subfield code="e">4152983035</subfield>
  </datafield>
 </record>
</collection>
